[Event "ARG-ch (Women) 70th"]
[Site "Buenos Aires"]
[Date "2017.06.20"]
[Round "9"]
[White "Hernandez Amura, Rocio"]
[Black "Palomares, Lujan"]
[Result "0-1"]
[WhiteElo "1252"]
[BlackElo "1277"]
[PlyCount "50"]
[EventDate "2017.06.12"]
[EventType "swiss"]
[EventRounds "9"]
[EventCountry "ARG"]
[SourceTitle "CBM 179 Extra"]
[Source "ChessBase"]
[SourceDate "2017.08.23"]
[SourceVersion "1"]
[SourceVersionDate "2017.08.23"]
[SourceQuality "1"]

1. e4 c6 2. d4 d5 3. e5 Bf5 4. Nf3 e6 5. Be2 Ne7 6. 0-0 Qb6 7. b3 Ng6 8. c4 dxc4 9. Bxc4 Be7 10. Nc3 0-0 11. Bd2 Qc7 12. a4 Nd7 13. Qe2 Bb4 14. Bd3 Bxc3 15. Bxc3 Nf4 16. Qd2 Nxd3 17. Nh4 N3xe5 18. dxe5 Nxe5 19. Nxf5 exf5 20. Qf4 Rfe8 21. Rfe1 f6 22. Bxe5 Rxe5 23. Rxe5 Qxe5 24. Qc4+ Kh8 25. h3 Qxa1+ 0-1

[Event "ARG-ch (Women) 70th"]
[Site "Buenos Aires"]
[Date "2017.06.16"]
[Round "5"]
[White "Hernandez Amura, Rocio"]
[Black "Encina, Guadalupe"]
[Result "0-1"]
[WhiteElo "1252"]
[BlackElo "1865"]
[PlyCount "54"]
[EventDate "2017.06.12"]
[EventType "swiss"]
[EventRounds "9"]
[EventCountry "ARG"]
[SourceTitle "CBM 179 Extra"]
[Source "ChessBase"]
[SourceDate "2017.08.23"]
[SourceVersion "1"]
[SourceVersionDate "2017.08.23"]
[SourceQuality "1"]

1. d4 Nf6 2. Bg5 d5 3. Bxf6 exf6 4. e3 f5 5. Nf3 g6 6. Bd3 Bg7 7. 0-0 0-0 8. c4 Nd7 9. Qc2 Nf6 10. Nbd2 c6 11. Rac1 Qe7 12. Rfe1 Ne4 13. b3 g5 14. Qb2 g4 15. Ne5 f6 16. f3 Nxd2 17. Qxd2 fxe5 18. e4 dxe4 19. fxe4 f4 20. d5 Bh6 21. Rf1 Qh4 22. Qe2 f3 23. gxf3 gxf3 24. Rxf3 Rxf3 25. Qxf3 Qg5+ 26. Qg3 Qxg3+ 27. hxg3 Bxc1 0-1

[Event "ARG-ch (Women) 70th"]
[Site "Buenos Aires"]
[Date "2017.06.13"]
[Round "2"]
[White "Hernandez Amura, Rocio"]
[Black "Arias, Maria Paula"]
[Result "0-1"]
[WhiteElo "1252"]
[BlackElo "1612"]
[PlyCount "172"]
[EventDate "2017.06.12"]
[EventType "swiss"]
[EventRounds "9"]
[EventCountry "ARG"]
[SourceTitle "CBM 179 Extra"]
[Source "ChessBase"]
[SourceDate "2017.08.23"]
[SourceVersion "1"]
[SourceVersionDate "2017.08.23"]
[SourceQuality "1"]

1. d4 d5 2. g3 Nf6 3. Bg2 Bf5 4. Nf3 e6 5. 0-0 Be7 6. b3 c6 7. Bb2 Nbd7 8. c4 0-0 9. Ba3 Bxa3 10. Nxa3 Qa5 11. Nc2 dxc4 12. Ne3 cxb3 13. axb3 Qb5 14. Nxf5 Qxf5 15. Re1 Qb5 16. e4 Rfd8 17. Qc2 h6 18. Bf1 Qb6 19. Bc4 Nf8 20. Rad1 Rac8 21. Qb2 Qb4 22. Ra1 a6 23. Ra4 Qe7 24. Bd3 Qc7 25. Rc1 Qe7 26. Ne5 N6d7 27. Nf3 Nb6 28. Raa1 Qf6 29. Kg2 c5 30. e5 Qe7 31. Bxa6 cxd4 32. Rxc8 Rxc8 33. Qxd4 Nd5 34. Bc4 Rd8 35. Qd2 Ng6 36. Bxd5 exd5 37. Re1 Qd7 38. Nd4 Nf8 39. Ra1 Ne6 40. f4 Nxd4 41. Qxd4 Qb5 42. Ra2 Qc6 43. Re2 Qe6 44. Kf3 Qf5 45. g4 Qd7 46. f5 Qe7 47. f6 Qe6 48. h4 Re8 49. Kf4 gxf6 50. g5 hxg5+ 51. hxg5 fxg5+ 52. Kxg5 Qg6+ 53. Kf4 Qh6+ 54. Kg3 Qg5+ 55. Qg4 Qxg4+ 56. Kxg4 Re6 57. Kf5 Rb6 58. Re3 Kg7 59. Rd3 d4 60. Rg3+ Kf8 61. Rd3 Ke7 62. Ke4 Ke6 63. Rxd4 Rxb3 64. Rd6+ Ke7 65. Kf5 b5 66. Rb6 Rf3+ 67. Kg5 Rb3 68. Kf5 Rf3+ 69. Kg5 b4 70. Rxb4 Ke6 71. Rf4 Re3 72. Rf5 Rxe5 73. Rxe5+ Kxe5 74. Kg4 Ke4 75. Kg5 f5 76. Kh4 Kf3 77. Kh3 Kf2 78. Kh2 f4 79. Kh1 f3 80. Kh2 Ke2 81. Kg1 f2+ 82. Kg2 f1Q+ 83. Kh2 Qf7 84. Kg1 Kf3 85. Kh2 Qg6 86. Kh3 Qg3# 0-1